Statistics for Christmas Decoder

Click here to take the quiz!

General Stats

  • This quiz has been taken 42,428 times
  • The average score is 23 of 28

Answer Stats

HintAnswer% Correct
WI'm dreaming of a _____ ChristmasWhite
98%
ESanta's helperElf
96%
IFrozen H2OIce
95%
RNotable reindeerRudolph
94%
SSanta's mode of transportSleigh
92%
CGift for naughty childrenCoal
89%
AOne of the two most popular
Christmas tree toppers
Angel
88%
BJesus's city of birthBethlehem
88%
TTwo ______ DovesTurtle
88%
EPopular holiday beverageEggnog
87%
RWhat chestnuts do over an open fireRoast
87%
S____ plum fairySugar
87%
H____! The herald angels singHark
85%
HDeck the halls with boughs of thisHolly
85%
NTchaikovsky balletNutcracker
85%
GSix _____ a-layingGeese
84%
EScrooge's first nameEbenezer
81%
TGood _______ we bring, to you
and your kin
Tidings
80%
IThere was no room at the ___Inn
79%
MJesus's cribManger
79%
TSilvery Christmas tree decorationTinsel
78%
SFrosty and his ilkSnowmen
77%
FGold, this, and myrrhFrankincense
70%
QuoteTwas the night before Christmas
65%
AThe period prior to ChristmasAdvent
64%
OWe three kings of _____ areOrient
61%
HKing who ordered the death
of infants
Herod
59%
TGerman for Christmas treeTannenbaum
46%

Score Distribution

Percentile by Number Answered

Percent of People with Each Score

Your Score History

You have not taken this quiz